| 000 | 00496nam a2200145Ia 4500 | ||
|---|---|---|---|
| 008 | 191111s9999 xx 000 0 und d | ||
| 020 | _a9781111823610 | ||
| 100 | _aAnderson, David R. | ||
| 245 |
_cDavid R. Anderson.-- _aAn introduction to management science : _bquantitative approaches to decision making / |
||
| 250 | _a14th ed | ||
| 260 |
_aUSA : _bCengage Learning _c2016 |
||
| 300 | _axxvii, 877 pages. | ||
| 650 | _aManagement science | ||
| 650 | _aManagement science -- mathematical models | ||
| 999 |
_c362573 _d362573 |
||